000 00541nam a2200145Ia 4500
005 20250424120320.0
008 250424s9999 xx 000 0 und d
022 _a14677644
050 _aQH 442 .P53/
245 0 _aPlant biotechnology journal: Metabolic engineering and mechanical investigation of enhanced plant autoluminescence
260 _c2023
300 _a:ill. ; 29 cm.
650 _aGenetic engineering--Pakistan--Periodicals. Biotechnology--Pakistan--Periodicals. Plant genetic engineering--Pakistan--Periodica
942 _cSR
999 _c38611
_d38611